Statistiques concernant Pays qui touchent la mer Rouge

Cliquez ici pour prendre le quiz!

Statistiques générales

  • Ce quiz a été pris 3,424 fois
  • Le résultat moyen est 7 sur 8

Statistiques - réponses

Pays % Correct
Égypte
97%
Arabie Saoudite
95%
Yémen
90%
Israël
87%
Érythrée
82%
Jordanie
81%
Djibouti
78%
Soudan
76%

Distribution des résultats

Percentile by Number Answered

% des personnes avec chaque résultat

Votre développement - résultats

Vous n’avez pas pris ce quiz